000 00701nam a2200205 4500
001 136673
003 ES-MaACL
005 20250902111840.0
007 t|
008 070214s1960 sp r ||||1| spa d
100 1 _aSala Ginabreda, José María.
_9101665
245 1 0 _aEstafilococias pulmonares en la infancia /
_cDoctor J. M. Sala Ginabreda.
260 _aBarcelona :
_bL. Y. E.,
_c1960.
300 _a77 p. :
_bil. ;
_c22 cm.
490 1 _aMonografías de la Sociedad Catalana de Pediatría
710 2 _aSociedad Catalana de Pediatría
_96650
830 0 _aMonografías de la Sociedad Catalana de Pediatría
_9220026
852 _aES-MaACL
_jC-18876
_bR.46118
999 _c136673
_d136673